000 00431cam a22001457a 4500
008 180718b1993 xxu||||| |||| 00| 0 eng d
020 _a0631185216
082 _aT47 In893
100 _aHorioka, Charles Yuji
245 _aSaving in Japan
260 _aOxford
_bBlackwell
_c1993
300 _ap.238-280
500 _a[In] World savings: an international survey, edited by Arnold Heertje
650 _aSavings and Investment - Japan
999 _c362761
_d362761